LEADER 02882nam 2200685 450 001 9910508506403321 005 20200806172512.0 010 $a3-631-82293-6 010 $a3-631-82292-8 035 $a(CKB)4100000011204723 035 $a(MiAaPQ)EBC6184820 035 $a(oapen)https://directory.doabooks.org/handle/20.500.12854/72815 035 $a(EXLCZ)994100000011204723 100 $a20200806d2020 uy 0 101 0 $aeng 135 $aurcnu|||||||| 181 $ctxt$2rdacontent 182 $cc$2rdamedia 183 $acr$2rdacarrier 200 10$aReading (in) the Holocaust $epractices of postmemory in recent Polish literature for children and young adults /$fMa?gorzata Wo?jcik-Dudek ; translated by Patrycja Poniatowska 210 $aBern$cPeter Lang International Academic Publishing Group$d2020 210 1$aBerlin :$cPeter Lang,$d[2020] 210 4$dİ2020 215 $a1 online resource (249 pages) 225 1 $aStudies in Jewish history and memory ;$vVolume 14 311 $a3-631-80862-3 320 $aIncludes bibliographical references and index. 330 $aThe book deals with the issue of the Holocaust in the Polish literature for children and adolescents. Drawing upon some of the leading Polish authors of the twentieth and the twentieth-first centuries, the author reveals the historical, ideological, and cultural entanglement of their works. The main focus of the book is to search for reasons behind the outpouring of interest in the Holocaust noticed in the most recent Polish literature for younger readers. Among these reasons, the author lists the Polish local and historical context, the new approach to issues traditionally seen as taboo, the development of memory and postmemory narratives, and the postmodern shift from a discursive totality and universalist explanations. 410 0$aStudies in Jewish history and memory ;$vVolume 14. 606 $aHolocaust, Jewish (1939-1945), in literature 608 $aCriticism, interpretation, etc.$2fast 610 $aAdults 610 $aChildren 610 $aContemporary literature 610 $aDudek 610 $aHolocaust 610 $aLiterature 610 $amemory 610 $aPolish 610 $aPolish literature for children and adolescents 610 $aPost 610 $aPostmemory 610 $aPost-memory 610 $aPract 610 $aPractices 610 $aReading 610 $aWojcik 610 $aWorld War II 610 $aYoung 615 0$aHolocaust, Jewish (1939-1945), in literature. 676 $a809.93358 700 $aWo?jcik-Dudek$b Ma?gorzata$01033072 702 $aPoniatowska$b Patrycja 801 0$bMiAaPQ 801 1$bMiAaPQ 801 2$bMiAaPQ 906 $aBOOK 912 $a9910508506403321 996 $aReading (in) the Holocaust$92451352 997 $aUNINA LEADER 00965nam a2200265 i 4500 001 991004382637407536 005 20250605110515.0 008 250605s1991 it a er 001 0 ita d 020 $a8877864710 040 $aBibl. Dip.le Aggr. Scienze Giuridiche - Sez. Studi Giuridici$bita$cSocioculturale Scs 041 0 $aita 082 04$a914.57504$223. 245 00$aGuida del Salento :$bcastelli, masserie fortificate, torri costiere, torri colombaie, gastronomia, vino ed olio /$cA. Costantini ... [et al.] ; a cura di Maria Rosaria Muratore 260 $aGalatina :$bCongedo,$c1991 300 $a163 p., [20] carte di tav. :$bill. ;$c22 cm 490 1 $aLe guide verdi ;$v5 490 1 $aItinerari ;$v2 650 4$aSalento$xItinerari 700 1 $aCostantini, Antonio 700 1 $aMuratore, Maria Rosaria 830 3$aLe guide verdi ;$v5 830 0$aItinerari ;$v2 912 $a991004382637407536 996 $aGuida del Salento$91090410 997 $aUNISALENTO LEADER 03778nam 22006255 450 001 9910728387303321 005 20251008155048.0 010 $a3-031-28916-1 024 7 $a10.1007/978-3-031-28916-3 035 $a(MiAaPQ)EBC30554478 035 $a(Au-PeEL)EBL30554478 035 $a(DE-He213)978-3-031-28916-3 035 $a(BIP)088809418 035 $a(PPN)270619461 035 $a(CKB)26801497100041 035 $a(EXLCZ)9926801497100041 100 $a20230529d2023 u| 0 101 0 $aeng 135 $aurcnu|||||||| 181 $ctxt$2rdacontent 182 $cc$2rdamedia 183 $acr$2rdacarrier 200 10$aAdvanced Boolean Techniques $eSelected Papers from the 15th International Workshop on Boolean Problems /$fedited by Rolf Drechsler, Sebastian Huhn 205 $a1st ed. 2023. 210 1$aCham :$cSpringer International Publishing :$cImprint: Springer,$d2023. 215 $a1 online resource (174 pages) 311 08$aPrint version: Drechsler, Rolf Advanced Boolean Techniques Cham : Springer International Publishing AG,c2023 9783031289156 327 $aChapter 1. Arithmetic Satisfiability-Modulo-Theory Solving Applied to Non-Standard Analysis Problems of Cyber-Physical Systems -- Chapter 2. Fast AIG-based Approximate Logic Synthesis -- Chapter 3. External Don?t Cares in Logic Synthesis -- Chapter 4. Maiorana-McFarland Boolean Bent Functions Characterized by their Reed-Muller Spectra -- Chapter 5. Towards System-level Assertions for Heterogeneous Systems -- Chapter 6. SAT-based Key Determination Attack for Improving the Quality Assessment of Logic Locking Mechanisms -- Chapter 7. Autosymmetric and D-reducible Functions: Theory and Application to Security -- Chapter 8. Two-operands modular multiplication to small bit-ranges -- Chapter 9. Low Latency Real-Time Inference for Multilayer Perceptrons on FPGAs -- Chapter 10. Thirty-six Officers of Euler - New Insights Computed Using XBOOLE -- Chapter 11. Start Small but Dream Big: On Choosing a Static Variable Order for Multiplier BDDs. 330 $aThis book describes recent findings in the domain of Boolean logic and Boolean algebra, covering application domains in circuit and system design, but also basic research in mathematics and theoretical computer science. Content includes invited chapters and a selection of the best papers presented at the 15th annual International Workshop on Boolean Problems. Provides a single-source reference to the state-of-the-art in logic synthesis and Boolean techniques; Includes a selection of the best papers presented at the 15th annual International Workshop on Boolean Problems; Covers Boolean algebras, Boolean logic, Boolean modeling, Combinatorial Search, Boolean and bitwise arithmetic and more. 606 $aElectronic circuits 606 $aComputer science$xMathematics 606 $aEmbedded computer systems 606 $aElectronic circuit design 606 $aElectronic Circuits and Systems 606 $aMathematical Applications in Computer Science 606 $aEmbedded Systems 606 $aElectronics Design and Verification 615 0$aElectronic circuits. 615 0$aComputer science$xMathematics. 615 0$aEmbedded computer systems. 615 0$aElectronic circuit design. 615 14$aElectronic Circuits and Systems. 615 24$aMathematical Applications in Computer Science. 615 24$aEmbedded Systems. 615 24$aElectronics Design and Verification. 676 $a621.3815 700 $aDrechsler$b Rolf$0720580 701 $aHuhn$b Sebastian$0853544 801 0$bMiAaPQ 801 1$bMiAaPQ 801 2$bMiAaPQ 906 $aBOOK 912 $a9910728387303321 996 $aAdvanced Boolean Techniques$93382359 997 $aUNINA